01329nam a2200349 i 450000100060000000300080000600500170001400600190003100700150005000800410006502000180010603500220012404000310014605000230017708000120020008200170021210000300022924500930025926400870035230000250043933600310046433700330049533800430052858800830057159001620065465000160081665000220083265500270085479700180088185600630089999900170096266692FINmELB20241217142735.0m o u cr cn|||||||||230314s2013 ag o 000 0 spa d z9798493320446 a(OCoLC)1377204064 aFINmELBbspaerdacFINmELB 4aRC480.5bB477 2013 a616-08504a616.89162231 aBerstein, Marcos,eautor.10aDesarrollos en :bterapia familiar. Adicciones.nVolumen 2 /cProf. Dr. Marcos Berstein. 1aCiudad de Buenos Aires, República Argentina :bRicardo Vergara Ediciones,c2013. a1 recurso en línea atextobtxt2rdacontent/spa acomputadorabc2rdamedia/spa arecurso en líneabcr2rdacarrier/spa aDescripción basada en metadatos suministrados por el editor y otras fuentes. aRecurso electrónico. Santa Fe, Arg.: elibro, 2023. Disponible vía World Wide Web. El acceso puede estar limitado para las bibliotecas afiliadas a elibro. 4aAdicciones. 4aTerapia familiar. 4aLibros electrónicos.2 aelibro, Corp.40uhttps://elibro.net/ereader/politecnicointernacional/201591 c66692d66692